| 000 | 00331nam a2200121 a 4500 | ||
|---|---|---|---|
| 005 | 20141022141959.0 | ||
| 008 | 120306s19uu xx 00 eng d | ||
| 050 |
_aCD-ROM _bP25 2002 |
||
| 100 | _aParsons, June Jamrich | ||
| 245 |
_aNew perspectives : _bcomputer concepts / _cJune Jamrich Parsons. |
||
| 260 | _c2002. | ||
| 942 | _cAVM | ||
| 999 |
_c276141 _d276141 |
||